| 000 | 00809nam a22002177a 4500 | ||
|---|---|---|---|
| 005 | 20100803110446.0 | ||
| 010 | _aENG-97833 | ||
| 020 |
_a9788189781989 _c125.00 |
||
| 035 | _aEN-81366 | ||
| 037 | _bDBAD/PUB | ||
| 082 | _a514.325 | ||
| 100 |
_aMukherjee, Manabendra Nath _94758 |
||
| 245 |
_aElements of metric spaces / _cby Manabendra Nath Mukherjee |
||
| 260 |
_aKolkata _bAcademic Publishers _c2010 |
||
| 270 |
_a5A, Bhawani Dutta Lane, Kolkata _bKolkata _e700073 |
||
| 300 |
_axii,204p.: _bill. _c23cm (pbk) |
||
| 500 | _aIncludes bibliographical references and index | ||
| 650 |
_aMetric Spaces _94759 |
||
| 942 |
_2ddc _cEN _h514.325 _mMUK |
||
| 999 |
_c38859 _d38859 |
||